000 00747nam a22002537i 4500
005 20260112121715.0
008 250906s2013 ii ||||dr|||| 00| 0 eng d
020 _a9789381607770
040 _aJO-AmGAM
_erda
082 1 4 _aF
_bD I C
100 1 _aDickens، Charles
_eAuthor.
245 1 0 _aDAVID COPPERFIELD /
_cCharles Dickens.
264 3 1 _aNew Delhi :
_b om books international،
_c2013.
300 _a240 Page.
336 _2rdacontent
_aنص
_btxt
337 _2rdamedia
_aدون وسيط عرض
_bn
338 _2rdacarrier
_aمجلد
_bnc
490 1 _aOM ILLUSTRATED CLASSICS.
650 1 7 _aFiction.
650 1 7 _aChildren’s Literature.
830 0 _aOM ILLUSTRATED CLASSICS.
942 _2ddc
_cBK
999 _c247734
_d247734